Discurso pronunciado por el generalísimo doctor Rafael Leónidas Trujillo Molina benefactor de la patria y padre de la patria nueva, en la inauguración del moderno hospital "Dr. Miguel Brioso Bustillos" en la Base Aérea "Presidente Trujillo", de San Isidro, el día 28 de diciembre de 1958 / (Registro nro. 30042)
[ vista simple ]
| 000 -CABECERA | |
|---|---|
| campo de control de longitud fija | 00866nam a2200169 a 4500 |
| 001 - NÚMERO DE CONTROL | |
| campo de control | 000030550 |
| 005 - FECHA Y HORA DE LA ÚLTIMA TRANSACCIÓN | |
| campo de control | 20240229073937.0 |
| 008 - DATOS DE LONGITUD FIJA--INFORMACIÓN GENERAL | |
| campo de control de longitud fija | 110523s1959 dr c r 000 | spa d |
| 040 ## - FUENTE DE LA CATALOGACIÓN | |
| Centro catalogador/agencia de origen | DO-SdBNP |
| Lengua de catalogación | spa |
| Centro/agencia transcriptor | BNPHU |
| 082 ## - NÚMERO DE LA CLASIFICACIÓN DECIMAL DEWEY | |
| Número de clasificación | xxxx |
| Número de documento/Ítem | xxxx |
| 100 1# - ENTRADA PRINCIPAL--NOMBRE DE PERSONA | |
| Nombre de persona | Trujillo Molina, Rafael Leónidas, |
| Fechas asociadas al nombre | 1891-1961 |
| 9 (RLIN) | 76764 |
| 245 10 - MENCIÓN DE TÍTULO | |
| Título | Discurso pronunciado por el generalísimo doctor Rafael Leónidas Trujillo Molina benefactor de la patria y padre de la patria nueva, en la inauguración del moderno hospital "Dr. Miguel Brioso Bustillos" en la Base Aérea "Presidente Trujillo", de San Isidro, el día 28 de diciembre de 1958 / |
| Mención de responsabilidad, etc. | Rafael Leónidas Trujillo Molina. |
| 260 ## - PUBLICACIÓN, DISTRIBUCIÓN, ETC. | |
| Lugar de publicación, distribución, etc. | Ciudad Trujillo, República Dominicana : |
| Nombre del editor, distribuidor, etc. | Editora del Caribe, |
| Fecha de publicación, distribución, etc. | 1959. |
| 300 ## - DESCRIPCIÓN FÍSICA | |
| Extensión | 12 p. : |
| Otras características físicas | retr. ; |
| Dimensiones | 23 cm. |
| 650 #4 - PUNTO DE ACCESO ADICIONAL DE MATERIA--TÉRMINO DE MATERIA | |
| Término de materia o nombre geográfico como elemento de entrada | Discursos presidenciales |
| 9 (RLIN) | 10061 |
| 651 #4 - PUNTO DE ACCESO ADICIONAL DE MATERIA--NOMBRE GEOGRÁFICO | |
| Nombre geográfico | República Dominicana |
| Subdivisión general | Historia |
| 9 (RLIN) | 170 |
| Estado de retiro | Estado de pérdida | Restricciones de uso | No para préstamo | Código de colección | Localización permanente | Ubicación/localización actual | Ubicación en estantería | Fecha de adquisición | Número de inventario | Total de préstamos | Signatura topográfica completa | Código de barras | Fecha visto por última vez | Precio válido a partir de | Tipo de ítem Koha | Nota pública |
|---|---|---|---|---|---|---|---|---|---|---|---|---|---|---|---|---|
| Excluido de préstamo | Raros y valiosos | Patrimonio Dominicano | Patrimonio Dominicano | En catalogación | 23.05.2011 | LF1 | xxxx xxxx | 30550-10 | 25.06.2020 | 25.06.2020 | No se presta | Perteneció a la biblioteca personal de Martínez Boog. |
